01198nam a2200241 4500999001700000003000800017005001700025008004100042040002600083041000800109092002500117100003200142245028300174260003300457300001700490502014200507504005100649650006800700650005600768650003800824830008100862942001300943 c12775d12775DO-SdUA20250325093538.0 s2020 dr a|| |||| 0 |a||0|spa d aDO-SdUAbspacDO-SdUA0 aspa aMA-EFD 0021 FCE 20201 aBautista Pérez, Elizabeth10aEstrategia de enseñanza para el desarrollo de las habilidades motrices básicas en los estudiantes del primer grado del nivel primario del centron educativo Virginia Fidelina Matos de la Cruz del distrito educativo 17-01 de Yamasá, año 2020 /cElizabeth Bautista Pérez. aSanto Domingo :bUASD,c2020 a70 h. :bil. aTesis y trabajo de grado (Maestría en Educación Física y el Deporte)--Universidad Autónoma de Santo Domingo, Santo Domingo, 2020. aIncluye referencias bibliográficas y anexos. 72lemb959696aAptitud motora en niñosxEstrategia y técnicas 72lemb925194aPsicomotricidadxInvestigacionesy2020 72lemb910542aEducación primaria aTesis y disertaciones académicas (Universidad Autónoma de Santo Domingo) 2clcTn0